000 01225cam a2200265 4500
001 ABS65686
008 020731n2002 000 0 eng u
035 _a(Sirsi) u119128
100 _aLimbachiya, M
245 _aConstruction and demolition waste recycling for reuse in concrete production
260 _c2002
490 _aWastes Management
_vJuly 2002, 46-47(42)
520 _aConstruction and demolition waste is one of the largest waste streams. Recycling this waste for reuse rather than landfill is essential within the context of sustainable development and over-depletion of primary aggregates. Discusses the viability of using recycled waste in concrete production and analyses the economic, supply and quality barriers to use of recycled aggregates. Details research project at Kingston University into concrete applications using coarse recycled aggregate.
590 _aABS
650 _aSUSTAINABLE CONSTRUCTION
650 _aCONCRETE
650 _aCONSTRUCTION WASTE
650 _aDEMOLITION WASTE
650 _aRECYCLED AGGREGATES
650 _aSECONDARY AGGREGATES
650 _aLANDFILL TAX
650 _aAGGREGATES LEVY
690 _aBUILT ENVIRONMENT-BUILDING MATERIALS
942 _n0
999 _c70861
_d70861